Sports Quiz

Random Sports or NCAA Quiz

Longest Tenured NCAA Football Coaches Quiz Stats

 Plays Quiz not verified by Sporcle

Score 0/17 Timer 06:00
0 Plays Today
First Year Coach % Correct
2007Nick Saban
82.7%
1999Bob Stoops
79.1%
1999Kirk Ferentz
65.5%
2005Les Miles
65.5%
2007Mark Dantonio
61.2%
2005Mike Gundy
52.5%
2000Gary Patterson
47.5%
2008Dabo Swinney
46%
2006Pat Fitzgerald
43.9%
First Year Coach % Correct
2008Paul Johnson
38.8%
2005Kyle Whittingham
38.1%
2008David Cutcliffe
32.4%
2005Frank Solich
25.2%
2007Ken Niumatalolo
15.1%
2007Troy Calhoun
12.2%
2006Rick Stockstill
8.6%
2007David Bailiff
6.5%

You're not logged in!

Compare scores with friends on all Sporcle quizzes.
OR
Log In

Show Comments

Extras

Top Quizzes Today


Score Distribution

Your Account Isn't Verified!

In order to create a playlist on Sporcle, you need to verify the email address you used during registration. Go to your Sporcle Settings to finish the process.

Report this User

Report this user for behavior that violates our Community Guidelines.

Details: